Регионална библиотека "Любен Каравелов" - Русе

Сестри (Запис номер 78570)

MARC детайли
000 -Лидер
Контролно поле с фиксирана дължина 01224nam a2200337 c 4500
003 - Код на организацията, давaща контролен номер
Контролно поле BLK
005 - Дата и час на последна редакция
Контролно поле 20250725163251.0
008 - Елементи от данни с фиксирана дължина
fixed length control field 180408b bul|||||r ||||||| ||bul||
010 ## - Наследен системен номер
LC control number KNG00083036000
020 ## - Международен стандартен номер на книга ISBN
Международен стандартен номер на книга ISBN 978-954-585-873-4
-- издат.: Бард
040 ## - Източник на каталожния запис
Идентификатор на билиотеката - собственик на записа BLK
041 ## - Код за език
Код за езика на текст/звукозапис или на отделно заглавие Български
Код за езика КДБФ Български
080 ## - УДК
Текстов определител УДК Американска литература (на САЩ)
УДК код - определител по УДК 821.111(73)
УДК определител -31
УДК - код + определител 821.111(73)-31
100 1# - Редна дума - Автор
Автор Стийл, Даниел
Авторска отговорност първи автор
R(LIN) 363685
139 ## - Редно поле
Редна дума Стийл, Даниел
Авторски знак Сти - С 76
245 10 - Сведения за заглавието
Заглавие Сестри
Подзаглавни данни Роман
Редно поле (дума) Даниел Стийл; прев. Диана Кутева; прев. Стамен Стойчев.
257 ## - Страна на издаване
Страна на създаване/издаване Съединени американски щати
260 ## - Област на издателските данни
-- София
Име на издателя, разпространителя и проч. Бард
Година на издаване 2008
300 ## - Физическа характеристика
Страници 368 с.
Размери/Мащаб 20 см
380 ## - Жанр
Жанр Худож. лит.
500 ## - Общи забележки
Забележка Ориг. загл. Sisters / Danielle Steel.
653 ## - Ключова дума – ненормативна
Ключова дума романи
700 1# - Други автори (авторска отговорност)
Лично име Кутева, Диана
Автороска отговорност (Описва отношението между автора и произведението) прев.
9 (RLIN) 364219
700 1# - Други автори (авторска отговорност)
Лично име Стойчев, Стамен
Автороска отговорност (Описва отношението между автора и произведението) прев.
9 (RLIN) 364220
852 ## - Местоположение
Форматна сигнатура Цб 239508
856 4# - Електронен адрес и достъп
Електронен формат pdf - файл
Път до файла /url/
856 4# - Електронен адрес и достъп
Електронен формат pdf - файл
Път до файла /url/
942 ## - АРТИКУЛИ
Вид на библиотечния материал Книги
Скрит в OPAC Не
Koha issues (borrowed), all copies 84
944 ## - СЪЗДАВАНЕ И РЕДАКЦИЯ на ЗАПИСА
Създаване/Редакция Създаване
Дата на регистрацията/редакция 09.04.2008
Статус, дата на статуса Минев Младен
Служител, извършил регистрацията/редакцията 30530
944 ## - СЪЗДАВАНЕ И РЕДАКЦИЯ на ЗАПИСА
Създаване/Редакция Редакция
Дата на регистрацията/редакция 13.12.2014
Статус, дата на статуса ф /
Служител, извършил регистрацията/редакцията Людмила_Стоянова
999 ## - СИСТЕМНИ КОНТРОЛНИ НОМЕРА
Koha biblionumber 78570
Koha biblioitemnumber 78570
Наличности
Код за отписване Код за изгубен артикул Източник на класификационната схема Код за повреда Коз за рестрикции Код за отдаване Артикулен № Име на библиотеката - собственик Име на библиотеката, в която се намира в момента Статус (Текущо местоположение) Дата на вписване в системата Местоположение - отдел Цена в лева Инвентарен номер Систематично азбучна сигнатура Баркод Номер на екземпляра Цена в евро Служебна бележка Служебен тип на артикула
Изтеглен Не е изгубен Universal Decimal Classification Не е повреден без рестрикции заемане за дома 127151 Регионална библиотека "Любен Каравелов" Русе Регионална библиотека "Любен Каравелов" Русе Заемна - подръчен фонд 2008-04-09 Заемна - подръчен фонд 11.99 120000725372 П 820(73)-31/С 76 120000725372 1 6.13 Дост: Pk Вид: Ф N: 181 Дата: 04.04.2008 Дата инв: 14.02.2018 Бележки инв: П2018 Книги
Изтеглен Не е изгубен Universal Decimal Classification Не е повреден без рестрикции заемане за дома 127152 Регионална библиотека "Любен Каравелов" Русе Регионална библиотека "Любен Каравелов" Русе Заемна - подръчен фонд 2008-04-09 Заемна - подръчен фонд 11.99 120000725373 П 820(73)-31/С 76 120000725373 2 6.13 Дост: Pk Вид: Ф N: 181 Дата: 04.04.2008 Дата инв: 21.02.2018 Бележки инв: П2018 Книги
  Не е изгубен   Не е повреден без рестрикции ползва се в читалня 127153 Регионална библиотека "Любен Каравелов" Русе Регионална библиотека "Любен Каравелов" Русе Хранилище 2008-09-10 Хранилище 11.99 120000728896 Цб 239508 120000728896 3 6.13 Дост: Dp Вид: Д N: 25 Дата: 04.06.2008 Книги
  Не е изгубен Universal Decimal Classification Не е повреден без рестрикции заемане за дома 127154 Регионална библиотека "Любен Каравелов" Русе Регионална библиотека "Любен Каравелов" Русе Заемна - подръчен фонд 2014-10-09 Заемна - подръчен фонд 11.99 120000781631 П 820(73)-31/С 76 120000781631 4 6.13 Дост: DA Вид: А N: 22 Дата: 09.10.2014 Дата инв: 06.03.2018 Бележки инв: П2018 Книги
Изтеглен Не е изгубен Universal Decimal Classification Не е повреден без рестрикции заемане за дома 127155 Регионална библиотека "Любен Каравелов" Русе Регионална библиотека "Любен Каравелов" Русе Количка 2014-12-10 Заемна - подръчен фонд 11.99 120000783611 П 820(73)-31/С 76 120000783611 5 6.13 Дост: Pk Вид: Ф N: 422 Дата: 10.12.2014 Дата инв: 19.02.2018 Бележки инв: П2018 Книги
Vip Innovations Ltd, Rousse, Bulgaria 2025